| 000 | 00362nam a2200145Ia 4500 | ||
|---|---|---|---|
| 008 | 150201s2013 xx 000 0 und d | ||
| 082 |
_a610.73 _bP13C |
||
| 100 | _aCORREIA, CECY | ||
| 245 | _aPRINCIPLES & PRACTICE OF NURSING ART OF NURSING PROCEDUE | ||
| 250 | _a1ST | ||
| 260 |
_bJAYPEE _aDELHI _c2013 |
||
| 300 | _a603 | ||
| 650 | _aNURSING | ||
| 942 |
_2ddc _cBK |
||
| 999 |
_c2434 _d2434 |
||